00633 2200229 4500001002100000005001700021008004100038020001800079035002500097040001200122082001100134090002200145100002300167245007600190250001100266260003500277300003200312650001300344850001200357990001700369990001700386YOGYA-0611000000021920150706100241.0 ind  a979-489-896-1 a0010-061100000000219 aYOPDYOG a634.75 aSEL 634.75bBud B aBUDIMAN, Supriatin aBerkebun stroberi secara komersilc/ Suprihatin Budiman, Desi Saraswati aCet. 6 aJakartabPenebar Swadayac2008 a107 hlm. :bilus. ;c23 cm. aStroberi aYOPDYOG a192-Sel/B.11 a191-Sel/B.11